000
00290nam a2200121Ia 4500
008
230801s9999||||xx |||||||||||||| ||und||
082
_a
823.92
_b
V316
100
_a
Varma, Pavan K
245
0
_a
When loss is gain
260
_a
New Delhi
_b
Rain Tree
_c
2012
300
_a
206 p.
942
_c
BK
999
_c
27128
_d
27128